000
00206 a2200109 4500
020
_a
9384056
041
_a
spa
100
_a
Pablo Gilabert
245
_a
Herramienta Pedagogica
942
_c
BK
952
_7
1
999
_c
24287
_d
24287